000 00413nam a2200145Ia 4500
008 191201s2002 xx 000 0 und d
082 _a677.027
_bSHC
100 _aSHORE,John
245 0 _aColorants and Auxiliaries Organic Chemistry and Application Properties ยท Volume 1
250 _a2nd
260 _aSociety of Dyers U.K
_bSociety of Dyers
_c2002
300 _a469
650 _aB.Tech(TE)
942 _2ddc
_cBK
999 _c4524
_d4524